| 000 | 00473nam a2200193Ia 4500 | ||
|---|---|---|---|
| 005 | 20250423100847.0 | ||
| 008 | 250422s9999 xx 000 0 und d | ||
| 020 | _a0-07-055221-5 | ||
| 050 | _aQA 297 .S37/ | ||
| 100 | _aScheid, Francis | ||
| 245 | 0 | _aSchaum`s outline of theory and problems of numerical analysis | |
| 250 | _a2nd ed. | ||
| 260 | _aNew York | ||
| 260 | _bMcGraw-Hill | ||
| 260 | _c1988 | ||
| 300 | _a471 p | ||
| 650 | _aMathematics | ||
| 942 | _cBK | ||
| 999 |
_c34563 _d34563 |
||